000
00295nam a22001217a 4500
008
170613b xxu||||| |||| 00| 0 eng d
041
_a
eng
080
_2
8 ED
_a
323
100
_a
19
101
_a
SHP
245
_a
THE WORLD ISSUES POLITICS THE DEVELOPMENT
_c
WEATHER.J.N
942
_2
udc
_c
BK
999
_c
17145
_d
17145